Catálogo
 En Linea

En el gran san Bernardo : (Registro nro. 25684)

Detalles MARC
000 -CABECERA
campo de control de longitud fija 00740cam a2200229u 4500
001 - NÚMERO DE CONTROL
campo de control 000026192
005 - FECHA Y HORA DE LA ÚLTIMA TRANSACCIÓN
campo de control 20200930024359.0
008 - DATOS DE LONGITUD FIJA--INFORMACIÓN GENERAL
campo de control de longitud fija 860227s1963 sp 000 jbspa
040 ## - FUENTE DE LA CATALOGACIÓN
Centro catalogador/agencia de origen DO-SdBNP
Centro/agencia transcriptor spa
Centro/agencia modificador BNPHU
041 ## - CÓDIGO DE LENGUA
Código de lengua del texto/banda sonora o título independiente spa
Código de lengua original eng
Fuente del código Código de idioma MARC
082 ## - NÚMERO DE LA CLASIFICACIÓN DECIMAL DEWEY
Número de clasificación xxx
Número de documento/Ítem K692e
049 ## - FONDOS LOCALES (OCLC)
Fondos de biblioteca BNGR
100 1# - ENTRADA PRINCIPAL--NOMBRE DE PERSONA
Nombre de persona Knight, Ruth Adams,
9 (RLIN) 53206
240 #0 - TÍTULO UNIFORME
Título uniforme Halfway to heaven
Lenguaje de la obra Español
245 10 - MENCIÓN DE TÍTULO
Título En el gran san Bernardo :
Resto del título Novela /
Mención de responsabilidad, etc. Ruth Adams Knight; versión castellana Manuel Gómez Ruiz.
260 ## - PUBLICACIÓN, DISTRIBUCIÓN, ETC.
Lugar de publicación, distribución, etc. Madrid :
Nombre del editor, distribuidor, etc. Santillana ,
Fecha de publicación, distribución, etc. 1963.
300 ## - DESCRIPCIÓN FÍSICA
Extensión 186 p. ;
Dimensiones 19 cm.
490 1# - MENCIÓN DE SERIE
Mención de serie La Forja
Designación de volumen o secuencia 23
534 ## - NOTA SOBRE LA VERSIÓN ORIGINAL
Encabezamiento principal del original Título original :
Mención de título del original Halfway to heaven
500 ## - NOTA GENERAL
Nota general Incluye notas al pie de páginas
830 #0 - PUNTO DE ACCESO ADICIONAL DE SERIE-TÍTULO UNIFORME
Título uniforme La Forja,
Designación de volumen o secuencia 23
9 (RLIN) 53207
Existencias
Estado de retiro Estado de pérdida Restricciones de uso No para préstamo Código de colección Localización permanente Ubicación/localización actual Ubicación en estantería Fecha de adquisición Número de inventario Total de préstamos Signatura topográfica completa Código de barras Fecha visto por última vez Precio válido a partir de Tipo de ítem Koha
      Excluido de préstamo Monografías: Libros y Folletos General General En catalogación 03.03.2011 LF1   xxx K692e 26192-10 25.06.2020 25.06.2020 No se presta

Con tecnología Koha